| 000 | 00616nam a2200205 u 4500 | ||
|---|---|---|---|
| 005 | 20220910063643.0 | ||
| 008 | 090209s1998 r 000 0 eng d | ||
| 020 | _a9583004979 | ||
| 035 | _aUPN01000168972 | ||
| 049 | _aI | ||
| 050 | 4 |
_aPN6110 C4 _bN5.6 |
|
| 100 | 1 |
_aNiño, Jairo Aníbal, _d1941- _932016 |
|
| 245 | 1 | 0 |
_aPreguntario / _cJairo Aníbal Niño ; il. de Henry González. |
| 260 |
_aBogotá : _bPanamericana, _cc1998. |
||
| 300 |
_a187 p. : _bprincipalmente il. col. |
||
| 440 | 0 | _aJuvenil | |
| 650 | 4 |
_aPOESIA INFANTIL COLOMBIANA _913987 |
|
| 650 | 7 |
_aPoesía infantil _2 _91259 |
|
| 905 | _aInfantil | ||
| 999 |
_c141078 _d141078 |
||